| 000 | 00731nam a22002177a 4500 | ||
|---|---|---|---|
| 999 |
_c20793 _d20793 |
||
| 003 | AR-CdUCM | ||
| 008 | 190605b ||||| |||| 00| 0 spa d | ||
| 040 |
_aMUNICIPALIDAD PROVINCIAL DEL CUSCO _cBIBLIOTECA MUNICIPAL DEL CUSCO |
||
| 082 |
_a396.980 / _bT73 |
||
| 100 |
_aTorres, Amelia _943425 |
||
| 245 | _aLegislación referente al trabajo de la mujer en América y el Caribe / | ||
| 260 |
_aLima : _bCIAT, _c1981. |
||
| 300 |
_a59 páginas ; _c32 cm. |
||
| 440 |
_aDocumento de trabajo CIAT _943426 |
||
| 505 | _aContenido : Argentina -- Bolivia -- Brasil -- Colombia... | ||
| 650 |
_aCondiciones laborales _943427 |
||
| 650 |
_aMujer _9143 |
||
| 650 |
_aLegislación laboral _943428 |
||
| 942 |
_2ddc _cLIBROS |
||
| 945 | _arcc | ||